| 000 | 00593nam a2200193 a 4500 | ||
|---|---|---|---|
| 001 | 3343 | ||
| 003 | CDMR | ||
| 005 | 20131021133012.0 | ||
| 008 | 130130s1982||||||||||||||||||||||||||||d | ||
| 040 |
_aCDMR _bcat _cCDMR |
||
| 110 | 2 |
_aOficina de Justificación de la Difusión _92412 |
|
| 245 | 1 | 0 | _aReglamento de trabajo para el control de publicaciones |
| 260 |
_aMadrid _c1982 _bOficina de Justificación de la Difusión |
||
| 300 | _a22 p. | ||
| 650 | 0 | 4 |
_92737 _aPremsa _xDret i legislació |
| 650 | 0 | 4 |
_93846 _aDiaris _xCirculació |
| 650 | 0 | 4 |
_93845 _aRevistes _xCirculació |
| 942 |
_cFULLET _2udc |
||
| 999 |
_c3343 _d3343 |
||